00406 2200157 4500001002100000005001500021035002000036245006100056100001800117250000600135300001600141260004500157082001100202084001700213020001800230INLIS00000000000002920260406020203 a0010-04260000291 aAku Anak Jujur Percaya Diri dan Mandiri /cLeguty Family0 aLeguty Family a1 a188 :bIlus aTangerang Selatan :bLeguty Media,c2021 a898.23 a898.23 LEG a a9786236214152